000 01167nam a22003497a 4500
003 CHAP
005 20220817042509.0
008 971013s1981 r 00010 d
010 _a46331
011 _a47303
035 _a51445
040 _cCHAP
090 _aTesis
100 0 0 _aPérez Aguilar, Sergio.
_989492
245 _aUtilización de un cultivo de Lactobacillus acidophilus como control de diarreas en lechones
260 _a(Monterrey, N.L.) :
_bEl autor,
_c1981
300 _a48 h.
502 _aTesis (Ing. Agr. Zootecnista) -- ITESM. Div. de Ciencias Agropecuarias y Marítimas
590 _aALEPH
_b10
_c20130110
_lUCH01
_h1315
590 _aBATCH-UPD
_b10
_c20130110
_lUCH01
_h1824
590 _aBATCH-UPD
_b10
_c20130410
_lUCH01
_h1157
590 _aBATCH-UPD
_b10
_c20130914
_lUCH01
_h1007
590 _aCONVERSION
_b10
_c20130109
_lUCH01
_h1325
650 1 4 _aColibacilosis.
_925138
650 1 4 _aEscherichia coli.
_937480
650 1 4 _aGanado porcino
_xResistencia a enfermedades.
_945404
650 1 4 _aLactobacillus acidophilus.
_964350
650 1 4 _aLechones.
901 _aBK
942 _cTESIS
949 _bBC
_cTES
_d-115076
_eTS1
_i51445
_si
999 _c46331
_d46331